Strzelcy Premier League w klubach 2024/25 - Statystyki

Ogólne statystyki
  • Ten quiz został rozwiązany 92 razy
  • Średni wynik to 16 z 20
Statystyki odpowiedzi
Klub Narodowość # Nazwisko % Poprawnych
Liverpool Egipt 29 Mohamed Salah
100%
Newcastle United Szwecja 23 Alexander Isak
98%
Manchester City Norwegia 22 Erling Håland
98%
Chelsea Anglia 15 Cole Palmer
96%
Arsenal Niemcy 9 Kai Havertz
95%
Manchester United WKS/Portugalia 8 Amad Diallo/Bruno Fernandes
91%
Brighton Japonia/Brazylia/Anglia 10 Kaoru Mitoma/João Pedro/Danny Welbeck
89%
Aston Villa Anglia 16 Ollie Watkins
89%
Leicester City Anglia 9 Jamie Vardy
86%
Nottingham Forest Nowa Zelandia 20 Chris Wood
85%
Brentford Kamerun 20 Bryan Mbeumo
80%
Wolverhampton Wanderers Brazylia 15 Matheus Cunha
80%
Fulham Meksyk 12 Raúl Jiménez
80%
Crystal Palace Francja 14 Jean-Philippe Mateta
73%
Tottenham Hotspur Walia 11 Brennan Johnson
70%
Bournemouth Holandia 12 Justin Kluivert
70%
West Ham United Anglia 13 Jarrod Bowen
68%
Ipswich Town Anglia 12 Liam Delap
59%
Everton Senegal 9 Iliman Ndiaye
47%
Southampton Nigeria 4 Paul Onuachu
22%
Nie znaleziono quizów pasujących do podanych kryteriów
Rozkład punktacji
Procent ludzi z każdym wynikiem
Percentyl według liczby udzielonych odpowiedzi
Twoja historia wyników
Nie rozwiązałeś tego quizu